000 00759na a2200241 4500
001 13276
003 MIRAKIL
005 20181213154830.0
008 160826b tu 000 0
035 _a13276
040 _aMilas
_btur
_cTR-AnCHP
082 _aATA 956.1024
_bB29m 1986
090 _aATA 956.1024 B29m 1986
100 _aBaykal, Bekir Sıtkı
245 _aMilli mücadelede Anadolu Kadınları Müdafaa-i Vatan Cemiyeti
_cBekir Sıtkı Baykal
260 _aAnkara
_bAtatürk Araştırma Merkezi
_c1986
300 _a80 s.
_c24 sm.
490 _aAtatürk ve Atatürkçülük dizisi
_v2
600 _aAtatürk, Mustafa Kemal
_d1881-1938
650 _aMüdafaa-i Vatan Cemiyeti
650 _aKurtuluş Savaşı
_xKadınlar
942 _2ddc
_cBKS
999 _c1647
_d1647